Halo Reach Noble Team Names - Statistics

General Stats
  • This quiz has been taken 321 times
  • The average score is 5 of 5
Answer Stats
Hint Answer % Correct
Noble 2 Kat
94%
Noble 1 Carter
91%
Noble 4 Emile
90%
Noble 5 Jorge
89%
Noble 3 Jun
87%
No matching quizzes found
Score Distribution
Percent of People with Each Score
Percentile by Number Answered
Your Score History
You have not taken this quiz